000 01034nam a2200265 i 4500
001 bg
245 0 0 _aPolsko-angielski słownik elektryczny /
_c[oprac. i zred. Redakcja Encyklopedii, Słowników i Leksykonów WNT ; transkrypcję fonetyczną oprac. Leszek Kajetan Biedrzycki].
260 _aWarszawa :
_bWydawnictwa Naukowo-Techniczne,
_c2006.
300 _a507, [1] s. ;
_c20 cm.
490 1 _aSłownik Podręczny
500 _aU góry okł.: Nowość - wymowa terminów angielskich.
650 9 _aElektrotechnika
_xterminologia
655 _aSłowniki polsko-angielskie
700 1 _aBIEDRZYCKI, Leszek.
_eOprac.
830 _aSłownik Podręczny
015 _aPB 16204/2006
020 _a8320431379
040 _cBPK
041 0 _apoleng
080 _a621.3(038)=162.1=111
920 _a83-204-3137-9
942 _cKS
008 s pl f |000 0 pol
999 _c53596
_d53596
856 _uhttp://koha.tu.koszalin.pl/cgi-bin/koha/opac-detail.pl?biblionumber=53596
_yKatalog online BPK